Time series analysis : univariate and multivariate methods /
Guardado en:
| Autor Principal: | |
|---|---|
| Formato: | Libro |
| Idioma: | English |
| Publicado: |
Redwood City, Calif. :
Addison-Wesley,
c1990.
|
| Materias: | |
| Etiquetas: |
Agregar Etiqueta
Sin Etiquetas, Sea el primero en etiquetar este registro!
|
| LEADER | 00691pam a2200205 a 4500 | ||
|---|---|---|---|
| 001 | MAT.inmabb004266 | ||
| 008 | 880620s1990####caua#####b####001#0#eng## | ||
| 005 | 20130319162611.0 | ||
| 245 | 1 | 0 | |a Time series analysis : |b univariate and multivariate methods / |c William W. S. Wei. |
| 260 | |a Redwood City, Calif. : |b Addison-Wesley, |c c1990. | ||
| 300 | |a xv, 478 p. : |b il. ; |c 25 cm. | ||
| 504 | |a Incluye referencias bibliográficas (p. 433-444) e índices. | ||
| 510 | 4 | |a MR, |c 91c:62084 | |
| 020 | |a 0201159112 | ||
| 100 | 1 | |a Wei, William W. S. | |
| 650 | 0 | |a Time-series analysis. | |
| 084 | |a 62M10 |2 msc2000 | ||
| 010 | |a 88019449 | ||
| 040 | |a DLC |c DLC |d DLC | ||
| 859 | |h 62 |i W415 |p A-6499 |b BIB. MATEMATICA | ||
